000 00781nam a2200193 a 4500
008 120206s2000 ||||||||||||||||| || u
020 _a0340759119
050 _aRA 969 Con
100 _aAyliffe, Graham A. J
245 1 0 _aControl of hospital infection: a practical handbook. -- 4th ed.
_cedited by Graham A. J. Ayliffe; [and others]
250 _a4th ed.
260 _aLondon:
_bArnold
_c2000
300 _axi, 401p.: ill.
350 _a0.00
650 _aSANITATION--DEVELOPING COUNTRIES
650 _aHOSPITAL BUILDINGS--SANITATION
650 0 _aNOSOCOMIAL INFECTIONS--PREVENTION
995 _aMEDICAL LIBRARY OPEN ACCESS
_D0.00
_e742750
_FCBU-SCHOOL OF MEDICINE LIBRARY (Ndola)
_H1
_I0.00
_jRA 969 CON
_M1
_UAVAILABLE
_WMar 29, 2012
_y742750
_ZMedical Library Open Access Collection
999 _c31157
_d31157